Dreamweaver MX : Complete course

Bibliographic Details
Main Author: Evans, Joyce J.
Format: Book
Published: New York : Wiley Publishing , 2003
Subjects:

MARC

LEADER 00000cam a2200000 7i4500
001 0000021816
005 20080625.0
020 |a 0764536869 
040 |a INS 
090 0 0 |a CD 174 
100 1 |a Evans, Joyce J. 
245 1 0 |a Dreamweaver MX :   |b Complete course   |c Joyce J. Evans [  |h electronic resources] 
260 |a New York :   |b Wiley Publishing ,   |c 2003 
300 |a 1 computer optical disc :   |b ill., col, pic. ;   |c 4 3/4 in. 
650 0 0 |a Web sites   |x authoring programs 
999 |a CD00000174   |b CD-ROM   |c Media Collection   |e Default branch